<?xml version="1.0" encoding="UTF-8"?>
<record
    xmlns:xsi="http://www.w3.org/2001/XMLSchema-instance"
    xsi:schemaLocation="http://www.loc.gov/MARC21/slim http://www.loc.gov/standards/marcxml/schema/MARC21slim.xsd"
    xmlns="http://www.loc.gov/MARC21/slim">

  <leader>01288nam a2200301 a 4500</leader>
  <controlfield tag="001">000031424</controlfield>
  <controlfield tag="003">DO-SdBNP</controlfield>
  <controlfield tag="005">20220922113049.0</controlfield>
  <controlfield tag="007">ta</controlfield>
  <controlfield tag="008">110620s1937    dr            000 | spa d</controlfield>
  <datafield tag="040" ind1=" " ind2=" ">
    <subfield code="a">DO-SdBNP</subfield>
    <subfield code="b">spa</subfield>
    <subfield code="c">BNPHU</subfield>
  </datafield>
  <datafield tag="082" ind1=" " ind2=" ">
    <subfield code="a">917.293</subfield>
    <subfield code="b">O77g, 1937</subfield>
  </datafield>
  <datafield tag="100" ind1=" " ind2=" ">
    <subfield code="a">Ortega, Augusto</subfield>
    <subfield code="9">57816</subfield>
  </datafield>
  <datafield tag="245" ind1="1" ind2="0">
    <subfield code="a">Texto auxiliar de geograf&#xED;a evolutiva :</subfield>
    <subfield code="b">para el trazado de mapas en las escuelas por el procedimiento de longitudes y latitudes. /   </subfield>
    <subfield code="c">Augusto Ortega.</subfield>
  </datafield>
  <datafield tag="246" ind1="1" ind2="0">
    <subfield code="a">Geograf&#xED;a evolutiva : </subfield>
    <subfield code="b">El trazado de mapas en las escuelas por el procedimiento de longitudes y latitudes (coordenadas geogr&#xE1;ficas). /</subfield>
  </datafield>
  <datafield tag="250" ind1=" " ind2=" ">
    <subfield code="a">3a.ed. aum. y correg.</subfield>
  </datafield>
  <datafield tag="260" ind1=" " ind2=" ">
    <subfield code="a">Santiago, Rep&#xFA;blica Dominicana :</subfield>
    <subfield code="b">Coraz&#xF3;n de Jesus,</subfield>
    <subfield code="c">1937.</subfield>
  </datafield>
  <datafield tag="300" ind1=" " ind2=" ">
    <subfield code="a">v. ;</subfield>
    <subfield code="c">23 cm.</subfield>
  </datafield>
  <datafield tag="500" ind1=" " ind2=" ">
    <subfield code="a">La biblioteca s&#xF3;lo posee el volumen II y III.</subfield>
  </datafield>
  <datafield tag="500" ind1=" " ind2=" ">
    <subfield code="a">Nuevo sistema de ense&#xF1;anza de la geograf&#xED;a. </subfield>
  </datafield>
  <datafield tag="505" ind1="2" ind2=" ">
    <subfield code="g">V. II --</subfield>
    <subfield code="t">Distrito de Santo Domingo, provincias y comunes de la Rep&#xFA;blica Dominicana --</subfield>
    <subfield code="g">V. III --</subfield>
    <subfield code="t">Isla de Santo Domingo /</subfield>
  </datafield>
  <datafield tag="590" ind1=" " ind2=" ">
    <subfield code="a">Inventariado, 2022/ YL</subfield>
  </datafield>
  <datafield tag="650" ind1=" " ind2="4">
    <subfield code="a">Geograf&#xED;a</subfield>
    <subfield code="x"> Ense&#xF1;anza</subfield>
    <subfield code="9">20300</subfield>
  </datafield>
  <datafield tag="650" ind1=" " ind2="4">
    <subfield code="a">Coordenadas geogr&#xE1;ficas</subfield>
    <subfield code="9">57817</subfield>
  </datafield>
  <datafield tag="651" ind1=" " ind2=" ">
    <subfield code="a">Rep&#xFA;blica Dominicana </subfield>
    <subfield code="x">Descripciones</subfield>
    <subfield code="9">82230</subfield>
  </datafield>
  <datafield tag="910" ind1=" " ind2=" ">
    <subfield code="a">YLockward</subfield>
  </datafield>
  <datafield tag="942" ind1=" " ind2=" ">
    <subfield code="2">ddc</subfield>
    <subfield code="c">LBS1</subfield>
  </datafield>
  <datafield tag="952" ind1=" " ind2=" ">
    <subfield code="0">0</subfield>
    <subfield code="1">0</subfield>
    <subfield code="2">ddc</subfield>
    <subfield code="5">1</subfield>
    <subfield code="7">0</subfield>
    <subfield code="8">PD-RV</subfield>
    <subfield code="a">BNPHU</subfield>
    <subfield code="b">BNPHU</subfield>
    <subfield code="c">CT</subfield>
    <subfield code="d">2011-06-22</subfield>
    <subfield code="i">LF1</subfield>
    <subfield code="o">xxx O77g</subfield>
    <subfield code="p">31424-10</subfield>
    <subfield code="r">2020-06-25</subfield>
    <subfield code="t">v. 3</subfield>
    <subfield code="w">2020-06-25</subfield>
    <subfield code="y">LBS1</subfield>
  </datafield>
  <datafield tag="952" ind1=" " ind2=" ">
    <subfield code="0">0</subfield>
    <subfield code="1">0</subfield>
    <subfield code="2">ddc</subfield>
    <subfield code="5">1</subfield>
    <subfield code="7">0</subfield>
    <subfield code="8">PD-RV</subfield>
    <subfield code="a">BNPHU</subfield>
    <subfield code="b">BNPHU</subfield>
    <subfield code="c">BD</subfield>
    <subfield code="d">2011-06-22</subfield>
    <subfield code="i">LF1</subfield>
    <subfield code="o">xxx O77g</subfield>
    <subfield code="p">2022-4039</subfield>
    <subfield code="r">2022-09-22</subfield>
    <subfield code="t">v. 2</subfield>
    <subfield code="w">2020-06-25</subfield>
    <subfield code="y">LBS1</subfield>
    <subfield code="z">Perteneci&#xF3; a la biblioteca personal de Mart&#xED;nez Boog.</subfield>
  </datafield>
  <datafield tag="999" ind1=" " ind2=" ">
    <subfield code="c">30916</subfield>
    <subfield code="d">30916</subfield>
  </datafield>
</record>
